[Event "Baltic Zonal 2017"]
[Site "Liepaja"]
[Date "2017.06.17"]
[Round "2"]
[White "Brazdzionis, Andrius"]
[Black "Malisauskas, Vidmantas"]
[Result "1/2-1/2"]
[WhiteElo "2335"]
[BlackElo "2417"]
[Annotator "TA"]
[PlyCount "59"]
[EventDate "2017.??.??"]
[EventType "swiss"]
[EventCountry "LAT"]
[SourceTitle "playchess.com"]
[Source "ChessBase"]
[SourceQuality "1"]

{[%evp 16,59,11,14,22,23,58,13,22,0,0,0,0,-50,-64,-57,-71,-108,-139,-162,-172,-170,-171,-166,-99,-97,-68,-77,-81,-80,-58,-54,-64,-70,-56,-51,-66,-54,0,-8,-15,-14,-10,-11,0,-8]} 1. d4 Nf6 2. c4 g6 3. Nc3 d5 4. Nf3 Bg7 5. h4 dxc4 (5... c6 6. Bg5 h6 7. Bxf6 Bxf6 8. e3 e6 9. Qc2 Nd7 10. O-O-O O-O 11. Kb1 Bg7 12. g4 Qe7 13. cxd5 exd5 14. Bd3 Nb6 15. Rhg1 Bd7 16. Ne5 Bxe5 17. dxe5 Qxe5 18. f4 Qxe3 19. Bxg6 Qxf4 20. g5 fxg6 21. Qxg6+ Kh8 22. Qxh6+ Kg8 23. Qg6+ Kh8 24. Qh6+ Kg8 25. Qg6+ {½-½ (25) Tomashevsky,E (2696)-Svidler,P (2755) Moscow 2017}) 6. e4 {D90: Grünfeld: 4 Nf3 Bg7 sidelines} c5 7. d5 b5 8. h5 Nxh5 9. Nxb5 {LiveBook: 12 Games} Qa5+ 10. Nc3 $1 Nd7 11. Bd2 {[%mdl 1024] White has compensation.} Rb8 $146 ({Predecessor:} 11... Ba6 12. g4 Nhf6 {1-0 (46) Prusikin,M (2524)-Jansa,V (2438) Bayerisch Eisenstein 2014}) 12. Qc2 Ba6 $1 13. Rc1 O-O 14. g4 (14. Na4 $5 {[%cal Rd2a5]} Qc7 15. Bxc4 Bxc4 16. Qxc4 $11) 14... Nhf6 15. Bh3 {Strongly threatening g5.} Qc7 16. Qa4 Bc8 17. Qc6 Qd6 18. g5 Nh5 19. Nb5 {[%cal Bc3b5,Bb5a7,Ba7c6][%mdl 32] [#]} Qxc6 (19... Rxb5 $1 $19 20. Qxb5 f5 21. exf5 (21. Qxc4 Ba6 $17) 21... Ne5 22. Nxe5 Qxe5+ 23. Be3 Qe4) 20. dxc6 $17 Ne5 21. Nxe5 Bxe5 22. Nxa7 {[#]} Ba6 $1 {Hoping for ...Ra8.} 23. c7 $1 {[%cal Rc7b8]} Bxc7 {Threatens to win with ...Rb6.} 24. Nc6 Rbe8 25. Bd7 Nf4 $1 {[%cal Rf4d3] ...Nd3+ is the strong threat.} 26. Rc3 Bb7 ({Better is} 26... Bb5 $15) 27. Rxc4 {The position is equal.} (27. Bxf4 $5 Bxf4 28. Bxe8 (28. Rxc4 Bxc6 29. Bxc6 Rb8 $17) 28... Rxe8 29. Na5 Bxe4 30. Rh4 $11) 27... Bxc6 28. Bxc6 Rb8 29. b3 Rfd8 30. Bxf4 {Precision: White = 53%, Black = 71%.} 1/2-1/2

[Event "Baltic Zonal 2017"]
[Site "Liepaja"]
[Date "2017.06.17"]
[Round "2"]
[White "Garanin, Aleksei"]
[Black "Seeman, Tarvo"]
[Result "1/2-1/2"]
[WhiteElo "2220"]
[BlackElo "2411"]
[Annotator "TA"]
[PlyCount "153"]
[EventDate "2017.??.??"]
[EventType "swiss"]
[EventCountry "LAT"]
[SourceTitle "playchess.com"]
[Source "ChessBase"]
[SourceQuality "1"]

{[%evp 18,153,14,19,29,13,25,0,-7,-25,0,0,0,-4,0,-7,0,26,32,28,30,24,39,46,128,129,140,121,131,-7,-14,-12,-14,-28,0,0,0,0,0,-2,0,-15,-2,-10,-8,-53,-52,-54,-53,-48,-40,-32,-24,-24,-24,-24,-24,-24,-24,-24,-24,-24,-24,-24,-24,-45,-24,-24,-24,-24,-24,-60,-24,-57,-24,-42,-43,-54,-54,-54,-54,-54,-24,-24,-24,-47,-47,-57,-54,-54,-53,-47,-44,-51,-43,-97,-97,-113,-113,-113,-113,-113,-113,-113,-113,-142,-93,-100,-93,-93,-93,-129,-159,-159,-160,-167,-81,-81,-54,-54,-54,-54,-54,-54,-54,-54,-54,-54,-54,-54,-54,-54,-54,-54,-15,-54,-15,-54]} 1. d4 Nf6 2. c4 g6 3. Nf3 Bg7 4. g3 O-O 5. Bg2 d6 6. O-O c6 7. Nc3 Qb6 8. h3 Qa6 9. b3 b5 10. Nd2 {Threatens to win with cxb5.} Bb7 {E62: King's Indian: Fianchetto: 6...c6 and Panno Variation (6...Nc6) without ...a6} 11. Bb2 Nbd7 {[%cal Bb8d7,Bd7b6,Bb6d5,Bd5c3][%mdl 32]} 12. a4 {[%cal Ra4b5]} (12. e4 bxc4 13. Nxc4 d5 14. Ne5 Nxe5 15. dxe5 Nxe4 16. Nxe4 dxe4 17. Bxe4 c5 18. Bxb7 Qxb7 {½-½ (43) Drygalov,S (2409)-Pridorozhni,A (2579) St Petersburg 2016}) 12... bxc4 13. Nxc4 Nb6 $146 ({Predecessor:} 13... d5 14. Ne5 Nxe5 15. dxe5 Nd7 16. f4 Qb6+ 17. Kh2 a5 18. Ba3 {0-1 (45) Bieliauskas,M (2147)-Vedrickas,T (2367) Lithuania 2016}) 14. Ne3 Rab8 15. Nc2 $36 {[%mdl 2048] White fights for an advantage.} Nbd5 16. e4 Nxc3 17. Bxc3 c5 18. d5 Qb6 19. Rb1 a5 20. Qd2 Ba6 ({Better is} 20... Ra8 $14) 21. Rfe1 $16 Nd7 {[%cal Bf6d7,Bd7e5,Be5c4][%mdl 32]} 22. Bxa5 Qa7 23. b4 (23. Bc3 $16) 23... Ne5 $11 24. b5 Nc4 25. Qd3 (25. Qe2 $5 {[%cal Re2c4]} Nxa5 26. bxa6 $11) 25... Bxb5 (25... Nxa5 {is more complex.} 26. bxa6 c4 27. Qe2 Qxa6 28. Na3 Nb3) 26. axb5 Nxa5 27. Ne3 Qb6 28. Re2 Rfc8 29. Rc2 Bd4 30. Bf1 c4 31. Nxc4 Nxc4 32. Rxc4 Bxf2+ 33. Kg2 $1 {With the idea Rc6.} Rxc4 34. Qxc4 Ra8 {aiming for ...Ra3.} 35. Rb2 Bc5 36. Ra2 Ra5 37. Qb3 Qa7 38. Bc4 Bb6 39. Qc2 Qa8 40. Bb3 h5 41. Qe2 Qb8 (41... Rxa2 {keeps more tension.} 42. Qxa2 Qf8 43. h4 Qh6 44. Qe2 Qc1) 42. Rxa5 Bxa5 43. Qc4 Bb6 44. Qc6 Qd8 45. Bd1 Bd4 46. Qc4 Ba7 47. Qf1 Qb6 48. Bf3 Qd4 49. h4 Kg7 50. Kh3 Qc3 51. Qe2 Bd4 52. Kg2 Be5 53. Qf2 Qb4 54. Qe2 Qb3 55. Kh3 f6 56. Qg2 (56. Kg2 $15) 56... Qxb5 $17 57. g4 hxg4+ 58. Bxg4 Qd3+ 59. Bf3 Kh6 60. Qe2 Qc3 61. Kg2 Bf4 62. Qa2 Qe1 {[#] ...Qg3+ is the strong threat.} 63. Qf2 Qc1 64. Qe2 Be5 65. Qf1 Qf4 {[%csl Ge5][%cal Rf4h2]} 66. Qf2 f5 (66... Kg7 $19 {and Black stays clearly on top. Hoping for ...Kg8.} 67. Kf1 {[#]} Bd4 $1 {[%mdl 512]} 68. Qxd4 Qxf3+ 69. Ke1 Qh3) 67. exf5 gxf5 68. h5 Qg5+ 69. Kf1 Qc1+ 70. Kg2 Qf4 71. Be2 Qh2+ 72. Kf1 Qh1+ (72... Qxf2+ {feels hotter.} 73. Kxf2 Kg5 74. Kg2 Bd4 75. Kg3 Be3) 73. Qg1 Qxg1+ 74. Kxg1 Kg5 75. Kg2 Kf4 76. Bf3 Ke3 77. Bd1 {Precision: White = 56%, Black = 56%.} 1/2-1/2